| 000 | 01830nka a2200361 i 4500 | ||
|---|---|---|---|
| 001 | 103002 | ||
| 003 | ES-MaACL | ||
| 005 | 20250824093144.0 | ||
| 007 | t| | ||
| 008 | 051223q1877 sp --- | |r00 c|spa | ||
| 100 | 1 |
_aMaura Montaner, Bartolomé, _d1844-1926 _edrm _eetr _979222 |
|
| 245 | 1 | 1 |
_a[Testamento de Isabel la Católica] _h[Material gráfico] / _cE Rosales Ptó. ; B. Maura Djo y Gbo, 1877 |
| 246 | 1 | _aIsabel la Católica dictando su testamento | |
| 260 |
_a[S.l. : _bs.n., _c1877] |
||
| 300 |
_a1 estampa : _bgrabado calcográfico ; _c462 x 630 mm |
||
| 490 | 1 |
_aColección facticia de grabados ; _v46 _9184692 |
|
| 520 | _aGrabado que reproduce el óleo sobre lienzo "Isabel la Católica dictando su testamento", pintado en 1864 por Eduardo Rosales, depositado en el Museo del Prado. Es una escena de corte histórico y estilo academicista-realista, englobada en el periodo romántico | ||
| 530 | _aDisponible en formato digital | ||
| 600 | 0 | 4 |
_aIsabel _bI, _cReina de Castilla _9175419 |
| 650 | 4 |
_aReyes y soberanos- _yS.XV _9241974 |
|
| 650 | 7 |
_aTestamentos _2embne _917521 |
|
| 655 | 7 |
_aGrabados calcográficos _2tgfbne _9241761 |
|
| 655 | 7 |
_aGrabados _2tgfbne _9226846 |
|
| 655 | 4 |
_aReproducciones de obras de arte _9241931 |
|
| 700 | 1 |
_aRosales, Eduardo, _d1836-1873 _eart _999638 |
|
| 830 | 0 |
_aColección facticia de grabados ; _v46 _9184692 |
|
| 852 | 4 |
_aES-MaACL _cDEPO2 _jGF-2(46) |
|
| 856 | 4 |
_uhttps://patrimoniodigital.ucm.es/s/patrimonio/item/1534119 _yVersión en línea _z(Patrimonio Digital Complutense) |
|
| 856 | 4 |
_uhttps://www.museodelprado.es/coleccion/obra-de-arte/isabel-la-catolica-dictando-su-testamento/4a24b513-9469-4173-b4b9-af1c84b51e9d _yVersión en línea _z(Museo del Prado) |
|
| 942 |
_2udc _cDIBGRB _n0 |
||
| 999 |
_c103002 _d103002 |
||